पाकिस्तानी स्त्री : यातना और संघर्ष (Record no. 7976)

MARC details
000 -LEADER
fixed length control field 00705 a2200193 4500
001 - CONTROL NUMBER
control field 134359
003 - CONTROL NUMBER IDENTIFIER
control field OSt
005 - DATE AND TIME OF LATEST TRANSACTION
control field 20210921152424.0
008 - FIXED-LENGTH DATA ELEMENTS--GENERAL INFORMATION
fixed length control field
020 ## - INTERNATIONAL STANDARD BOOK NUMBER
International Standard Book Number 9789350001745
082 ## - DEWEY DECIMAL CLASSIFICATION NUMBER
Classification number 305.420954
Item number H58P
100 1# - MAIN ENTRY--PERSONAL NAME
Personal name हिना, जाहिदा
245 1# - TITLE STATEMENT
Title पाकिस्तानी स्त्री : यातना और संघर्ष
Statement of responsibility, etc by जाहिदा हिना
260 ## - PUBLICATION, DISTRIBUTION, ETC. (IMPRINT)
Place of publication, distribution, etc नई दिल्ली
Name of publisher, distributor, etc वाणी प्रकाशन
Date of publication, distribution, etc 2010
300 ## - PHYSICAL DESCRIPTION
Extent 227p.
630 ## - SUBJECT ADDED ENTRY--UNIFORM TITLE
Uniform title हिन्दी साहित्य
690 ## - LOCAL SUBJECT ADDED ENTRY--TOPICAL TERM (OCLC, RLIN)
Topical term or geographic name as entry element Women--Social conditions; Pakistan; Women--Crimes against; Women's rights
942 ## - ADDED ENTRY ELEMENTS (KOHA)
Source of classification or shelving scheme Dewey Decimal Classification
Koha item type Books
Holdings
Withdrawn status Lost status Source of classification or shelving scheme Damaged status Not for loan Collection code Home library Current library Date acquired Source of acquisition Cost, normal purchase price Full call number Barcode Date last seen Price effective from Koha item type
    Dewey Decimal Classification     General Text Book Central University Of Rajasthan Central University Of Rajasthan 09/10/2012 HND 295.00 305.420954 H58P 8089 02/09/2020 02/09/2020 Books